000 01057nac a22003257a 4500
001 BR8100053
003 BR-BrBNA
005 20240105114853.0
008 230509b bl.|||m| |||| 00| 0 por d
040 _aBR-BrBNA
_bpor
_cBiblioteca Nacional de Agricultura
072 _aN20; L00
090 _a5300 BR8100053
100 1 _aPacheco, C.R.V.M.
100 1 _aCosta, V.
100 1 _aFerreira, A.S.
110 1 _aCentro Nacional de Pesquisa de Suinos, Concordia, SC (Brasil)
_91808
245 1 _aTipo de instalacoes para leitoes em recria [Sus domesticus; Gaiola]
246 1 _a[Installation types for pig breeding [Sus domesticus; Cage]]
260 3 _aConcordia, SC (Brasil):
_cMay 1980.
300 _a3 p.
490 _aComunicado Tecnico - Centro Nacional de Pesquisa de Suinos (Brazil)
_vno. 7
_x
650 _aEquipamento rural
650 _aProducao animal
650 _aLeitao
650 _aImplemento agricola
650 _aGaiola
650 _aRecria
909 _a202312
_bLúcia Elande
_c55
_dLúcia Elande
942 _2AGRIS
_n0
_cMS
999 _c271777
_d271777